000 00522nam a2200193Ia 4500
008 101110s9999 xx 000 0 und d
041 _aENGLISH
082 _bSR10841
_a650.7
100 _aAtthreya N.H.
245 _aThe you and I in Business - What makes people
365 _b19.5
520 _aCommerce
546 _aENGLISH
630 _aThe you and I in Business - What makes people
650 _aCommerce
655 _aCommerce
730 _aThe you and I in Business - What makes people
942 _cBOOK
999 _c805730
_d805727